ห้องสมุด วิทยาลัยพยาบาลบรมราชชนนี อุดรธานี
Boromarajonani College of Nursing, Udonthani
เปลี่ยนเป็นภาษาไทย

Change to English
 แสดงรายละเอียดบรรณานุกรม
  กลับหน้าหลัก

Brief Record : Get Marc (ISO 2709) : E-mail record : QR code ปิดหน้าต่าง
หนังสืออ้างอิง : เกี่ยวกับ Collections
mysqli: Table './ulib2015/stat_globaluid' is marked as crashed and last (automatic?) repair failed
select id from stat_globaluid where statuid='20260419112056_178' 
mysqli: Table './ulib2015/stat_globaluid' is marked as crashed and last (automatic?) repair failed
DELETE FROM stat_globaluid
			WHERE id NOT IN (
			  SELECT id
			  FROM (
				SELECT id
				FROM stat_globaluid
				ORDER BY id DESC
				LIMIT 100
			  ) foo
			); 
mysqli: Table './ulib2015/stat_globaluid' is marked as crashed and last (automatic?) repair failed
insert into stat_globaluid set
		statuid='20260419112056_178',
		dt='1776572456',
		phpself='/ULIB/dublinfull.php',
		agent='Mozilla/5.0 AppleWebKit/537.36 (KHTML, like Gecko; compatible; ClaudeBot/1.0; +claudebot@anthropic.com)',
		yea='2026',
		mon='4',
		dat='19',
		ip='216.73.216.142'
		
		
LEADER 00000nam 2200000 a 4500
001    13399121033
003     ULIBM
008    041214s2556 th 000 0 tha d
020    ^a9786163410030
050  4 ^aDS554^bค383 ^c2556
245 ^a ^a1111
250    ^aพิมพ์ครั้งที่ 5 (ฉบับปรับปรุง ครั้งที่ 3)
300    ^aก-ซ, 262 หน้า
650  7 ^aการฑูต^vคำศัพท์
650  7 ^aการฑูต^xอักษรย่อ
650  7 ^aความสัมพันธ์ระหว่างประเทศ^vคำศัพท์
650  7 ^aความสัมพันธ์ระหว่างประเทศ^xอักษรย่อ
710 2  ^aกระทรวงการต่างประเทศ.^bสถาบันการต่างประเทศเทวะวงศ์วโรปการ
945    ^p0^l0^i40728
945    ^p0^l0^i40729
999     ^aพรปวีณ์
รายการนี้ยังไม่มีแท็ก
คุณยังไม่ได้ล็อกอิน คุณสามารถมีกิจกรรมร่วมกับเว็บไซต์ได้ แต่ต้องล็อกอินก่อน ::
  ล็อกอิน
ลำดับที่ ประเภท เลขเรียก/บาร์โค้ด สถานที่ สถานะ
1. หนังสือภาษาไทย
หนังสือภาษาไทย
DS554 ค383 2556  
  Barcode: 40728
หนังสือทั่วไป On Shelf
2. หนังสือภาษาไทย
หนังสือภาษาไทย
DS554 ค383 2556 ฉ.2 
  Barcode: 40729
หนังสือทั่วไป On Shelf
   [แสดง 2/2 รายการ]

mysqli: Can't create/write to file '/var/tmp/#sql_59d_0.MAI' (Errcode: 2)
select * from index_db where titl like '%คำศัพท์-คำย่อทางการทูตและการต่างประเทศ / [จัดทำโดยสถาบันการต่างประเทศเทวะวงศ์วโรปการ กระทรวงการต่างประเทศ]%' and mid<>'13399121033'  order by rand() limit 3
mysqli: Can't create/write to file '/var/tmp/#sql_59d_0.MAI' (Errcode: 2)
select * from index_db where subj like '%การฑูต คำศัพท์%' and mid<>'13399121033'  order by rand() limit 3
mysqli: Can't create/write to file '/var/tmp/#sql_59d_0.MAI' (Errcode: 2)
select * from index_db where subj like '%การฑูต อักษรย่อ%' and mid<>'13399121033'  order by rand() limit 3
mysqli: Can't create/write to file '/var/tmp/#sql_59d_0.MAI' (Errcode: 2)
select * from index_db where subj like '%ความสัมพันธ์ระหว่างประเทศ คำศัพท์%' and mid<>'13399121033'  order by rand() limit 3
mysqli: Can't create/write to file '/var/tmp/#sql_59d_0.MAI' (Errcode: 2)
select * from index_db where subj like '%ความสัมพันธ์ระหว่างประเทศ อักษรย่อ%' and mid<>'13399121033'  order by rand() limit 3

BibComment


ยังไม่เคยถูกคอมเมนท์

คอมเมนท์ทรัพยากรรายการนี้
  คอมเมนท์: คำศัพท์คำย่อทางก..
Bib 13399121033

 
 
 

 Union Library Management : ULibM
Copyright 2026. All Rights Reserved.